000 00550nam a2200181Ia 4500
003 GCL
008 140319s9999 xx 000 0 ara d
040 _aGCL /
_cGCL
082 0 4 _a256
_bا ح
100 1 _aاحمد الاسوانى
245 1 0 _aحديث الاصدقاء فى التفكير والجهاد /
_cاحمد الاسوانى
260 _a[S.N] :
_bدائرة الاعلام ،
_c1985
300 _a171 ص
490 _a
650 0 4 _aالاسلام والفلسفة
650 0 4 _aالاسلام والسياسة
942 _2ddc
_cBK
999 _c54481
_d54481